banner-ar

The cotton plantation remembered : (Record no. 63091)

MARC details
000 -الفاتح
حقل البيانات ثابتة الطول 01072cam a22002777a 4500
005 - وقت وتاريخ اخر تعامل مع التسجيلة
رقم الضبط 20240530110623.0
008 - عناصر البيانات ثابتة الطول - معلومات عامة
حقل البيانات ثابتة الطول 140313s2013 ua a b 001 0deng d
020 ## - الرقم الدولى المعيارى للكتب
الرقم الدولى المعيارى للكتاب 9789774165719
040 ## - مصدر الفهرسة
وكالة النسخ EG-CaGPL
وكالة الفهرسة الأصلية EG-CaGPL
043 ## - رمز المنطقة الجغرافية
رمز المنطقة الجغرافية f-ua---
082 00 - رقم تصنيف ديوى العشرى
رقم التصنيف 962.055
رقم الطبعة 21
رقم المادة CC/A C
100 1# - المدخل الرئيسى - إسم شخصى
الإسم الشخصى Abaza, Mona.
245 14 - بيان العنوان
العنوان The cotton plantation remembered :
بقية العنوان an Egyptian family story /
بيان المسئوليه,etc Mona Abaza ; with photographs by the author.
260 ## - PUBLICATION, DISTRIBUTION, ETC. (IMPRINT)
تاريخ النشر أو التوزيع 2013.
300 ## - الوصف المادى
التعداد 295 p. :
تفاصيل ماديه اخرى للوعاء ill. (chiefly col.) ;
أبعاد الوعاء 25 cm.
504 ## - تبصرة ببليوجرافية
تبصرة ببليوجرافية,الخ Includes bibliographical references (p. 281-287) and index.
600 10 - المدخل الاضافى بالموضوع-اسم شخصى
الإسم الشخصى Abaza family.
650 #0 - المدخل الاضافى بالموضوع-مصطلح موضوعى
مصطلح موضوعي Cotton plantation workers
التقسيم الفرعي الجغرافي Egypt.
650 #0 - المدخل الاضافى بالموضوع-مصطلح موضوعى
مصطلح موضوعي Agriculture
التقسيم الفرعي الجغرافي Egypt
التقسيم الفرعي العام History.
651 #0 - المدخل الاضافى بالموضوع - اسم جغرافى
الاسم الجغرافي Egypt
التقسيم الفرعي العام Social life and customs.
942 ## - عناصر المدخل الإضافي( كوها)
مصدر التصنيف او مخطط الترفيف Dewey Decimal Classification
Koha [default] item type كتاب
260 ## - PUBLICATION, DISTRIBUTION, ETC. (IMPRINT)
-- Cairo :
-- American University In Cairo Press,
856 42 - الوصول و الموقع الالكترونى
مواد محددة Publisher description
معرف المصدر الموحد http://www.loc.gov/catdir/enhancements/fy1412/2013478427-d.html
856 42 - الوصول و الموقع الالكترونى
مواد محددة Contributor biographical information
معرف المصدر الموحد http://www.loc.gov/catdir/enhancements/fy1412/2013478427-b.html
Holdings
حالة التراجع حالة الفقد مصدر التصنيف او خطة الترفيف حالة تلف ليس للاعارة المكان المؤقت الموقع الحالى موقع الترفيف تاريخ الاكتساب اجمالي اﻻعارات رقم الطلب الباركود تاريخ اخر مشاهدة تاريخ تفعيل السعر نوع وعاء كوها
    ddc     مكتبة القاهرة الكبرى مكتبة القاهرة الكبرى   12/27/2016   962.055 CC/A C 163049 12/27/2016 12/27/2016 كتاب

Powered By

EGPV